Chanteurs et musiciens en W (par images). - Statistiques

Statistiques générales
  • Ce quiz a été pris 193 fois
  • Le résultat moyen est 9 sur 16
Statistiques - réponses
Par images Réponse % Correct
Amy Winehouse
92%
will.i.am
91%
Willy William
91%
Kanye West
88%
Pharrell Williams
85%
Wejdene
85%
Christophe Willem
81%
The Who
70%
Stevie Wonder
61%
Wham!
59%
Lil Wayne
46%
Werenoi
36%
Alpha Wann
31%
Wu-Tang Clan
17%
Les Wampas
9%
Joe Walsh
1%
Aucun quiz correspondant
Distribution des résultats
% des personnes avec chaque résultat
Percentile par nombre de réponses
Votre historique - résultats
Vous n’avez pas pris ce quiz